=LDR 00000nam 2200000 4500 =001 INLIS000000000040235 =005 20130612145816 =008 ***********************************ind** =035 ##$$0010-061300000040235 =041 ##$$a ind =082 ##$$a 541 =100 ##$$a Yahya, M.Utoro =245 ##$$a Buku Materi Pokok Kimia =300 ##$$a 944 hlm =850 ##$$a NBPNMAT